00545nam a22001817a 4500003000400000020001800004082001600022100003100038245004800069260006200117300001600179546001200195650002700207650002800234650003400262650003900296650002800335OSt a9788131754214 a658bDIP/PR a Dipak Kumar Bhattacharyya aPrinciples of management : btext and cases aChennai bPearson Indian education services pvt ltdc2012 axxvi, 462p. aEnglish abackdrop to management afunctions of management acharacteristics of management adifferent approaches to management aorganizational planning